[Event "Challenge"]
[Site "http://www.queenalice.com/game.php?id=423315"]
[Date "2008.6.26"]
[Round "-"]
[White "jmgk"]
[Black "lucas10demais"]
[Result "0-1"]
[WhiteElo "1524"]
[BlackElo "1843"]

1. Nf3 b6 2. e4 d5 3. Nc3 Bb7 4. d3 Nf6 5. Bg5 h6 6. Bxf6 exf6 7. exd5 Bxd5 8.
Nxd5 Qxd5 9. Qe2+ Be7 10. O-O-O Nc6 11. Qe4 Qd6 12. d4 f5 13. Qe2 O-O 14. g3
Rfe8 15. Kb1 Qd5 16. Bg2 Nb4 17. Ne5 Qxa2+ 18. Kc1 c6 19. Nxc6 Bg5+ 20. f4 Rxe2
21. Nxb4 Qa1# 0-1

[Event "Let's Play Chess!"]
[Site "http://www.queenalice.com/game.php?id=425592"]
[Date "2008.6.30"]
[Round "-"]
[White "vanhoute"]
[Black "lucas10demais"]
[Result "0-1"]
[WhiteElo "1707"]
[BlackElo "1894"]

1. e4 c5 2. Nc3 Nc6 3. g3 g6 4. Bg2 Bg7 5. d3 d6 6. f4 f5 7. Nge2 e5 8. exf5
Bxf5 9. O-O Nge7 10. h3 h5 11. Be3 Qd7 12. Kh2 h4 13. g4 Be6 14. Qe1 Nb4 15. Qd2
O-O-O 16. a3 Nbd5 17. Nxd5 Nxd5 18. c4 Nxe3 19. Qxe3 d5 20. cxd5 Bxd5 21. Qxc5+
Qc6 22. Qxc6+ Bxc6 23. Rac1 Rd6 24. Bxc6 bxc6 25. f5 g5 26. b4 a6 27. Rfd1 Rhd8
28. Kg2 Kd7 29. d4 Ke7 30. Rc4 exd4 31. Kf1 d3 32. Nc3 d2 33. Ne4 Rd3 34. Rxc6
Rxh3 35. Nf2 Rg3 36. Re6+ Kf8 37. Re2 Rxa3 38. Rexd2 Rxd2 39. Rxd2 h3 40. Kg1
Rg3+ 41. Kh2 Be5 42. Kh1 Rg2 43. Ra2 Bg3 44. Nxh3 Rxa2 0-1

[Event "AUTO-ADV-959"]
[Site "http://www.queenalice.com/game.php?id=426509"]
[Date "2008.7.2"]
[Round "1"]
[White "kasparosaure"]
[Black "lucas10demais"]
[Result "1-0"]
[WhiteElo "2005"]
[BlackElo "1818"]

1. c4 e5 2. Nc3 Bb4 3. g3 Bxc3 4. bxc3 Ne7 5. Bg2 O-O 6. d4 Nbc6 7. Ba3 d6 8. e4
b6 9. Ne2 Rb8 10. O-O Ba6 11. Qd3 Na5 12. Bc1 Bxc4 13. Qf3 Re8 14. Qg4 Bxe2 15.
Qxe2 Qd7 16. f4 exd4 17. cxd4 d5 18. e5 c5 19. Be3 c4 20. g4 f6 21. exf6 gxf6
22. f5 Nac6 23. Rf3 Nc8 24. Qf2 Nd6 25. Qh4 Ne4 26. Rh3 c3 27. Bxe4 Rxe4 28.
Qxf6 Rxg4+ 29. Rg3 Rxg3+ 30. hxg3 Rf8 31. Qg5+ Kh8 32. Rf1 Nb4 33. Rf2 Nd3 34.
Rf1 c2 35. g4 Qa4 36. f6 Rf7 37. Qxd5 Qe8 38. Qg5 a5 39. d5 b5 40. Bd4 c1=Q 41.
Rxc1 Nxc1 42. Qxc1 b4 43. g5 a4 44. Kf2 Qb8 45. Kg2 Kg8 46. Qe3 Kf8 47. Bc5+ Kg8
48. Qe6 b3 49. axb3 axb3 50. Bd4 b2 51. Bxb2 Qxb2+ 52. Kf3 Qc3+ 53. Kg4 Qd4+ 54.
Kh5 Qd1+ 55. Kh4 Qh1+ 56. Kg4 h5+ 57. gxh6 Qxh6 58. Qe8+ Qf8 59. Qe6 1-0

[Event "AUTO-ADV-959"]
[Site "http://www.queenalice.com/game.php?id=426510"]
[Date "2008.7.2"]
[Round "1"]
[White "lucas10demais"]
[Black "kasparosaure"]
[Result "0-1"]
[WhiteElo "1854"]
[BlackElo "2054"]

1. e4 Nf6 2. d3 d5 3. e5 Ng4 4. d4 c5 5. c3 Nc6 6. Nf3 Qa5 7. Bd2 Qb6 8. h3 Nxf2
9. Kxf2 Qxb2 10. Be2 Bf5 11. Na3 Qxa3 12. Be1 e6 13. Nh4 Be4 14. Bf3 Bxf3 15.
Nxf3 cxd4 16. cxd4 Qb2+ 17. Kg3 Qa3 18. Kh2 Be7 19. Bd2 O-O 20. Rf1 h6 21. Qc2
Rac8 22. Rab1 Nxe5 23. Qd1 Nxf3+ 24. Rxf3 Qd6+ 25. Kg1 b6 26. Bb4 Qd7 27. Bxe7
Qxe7 28. Qd3 Rc4 29. Kf2 Rfc8 30. Rb2 Qh4+ 31. Kg1 Rc1+ 32. Kh2 R8c4 33. Rbf2
Rxd4 34. Qa3 Rc7 35. Qd6 Qe7 36. Qe5 Re4 37. Qg3 Qc5 38. Rf6 Kf8 39. Rg6 f5 0-1

[Event "AUTO-ADV-959"]
[Site "http://www.queenalice.com/game.php?id=426523"]
[Date "2008.7.2"]
[Round "1"]
[White "alib2004"]
[Black "lucas10demais"]
[Result "1-0"]
[WhiteElo "1955"]
[BlackElo "1902"]

1. e4 c5 2. Nf3 d6 3. Bc4 Nf6 4. d3 Nc6 5. O-O Nd4 6. c3 Nxf3+ 7. Qxf3 Bg4 8.
Qg3 e5 9. Bg5 Qd7 10. h3 b5 11. Bd5 Nxd5 12. hxg4 Be7 13. Bd2 O-O-O 14. exd5 h5
15. g5 h4 16. Qh3 Rh5 17. Qxd7+ Kxd7 18. f4 f6 19. fxe5 dxe5 20. c4 bxc4 21.
dxc4 Rf8 22. g6 f5 23. Nc3 Rf6 24. Rae1 Rxg6 25. Kh2 Rg4 26. Rf3 e4 27. Rh3 Bg5
28. Bxg5 Rhxg5 29. Re2 Rg3 30. Rxg3 Rxg3 31. a4 Rd3 32. a5 g5 33. a6 g4 34. Re1
Rg3 35. Rf1 Rd3 36. Rxf5 e3 37. Re5 Kd6 38. Re4 Rd2 39. Rxe3 Rxb2 40. Nb5+ Kd7
41. Nxa7 Ra2 42. Nc6 g3+ 43. Kh3 Rxa6 44. Kxh4 Ra2 45. Kxg3 Rc2 46. Re4 Rc3+ 47.
Kf4 Rc2 48. g4 Rf2+ 49. Kg3 Rf8 50. g5 Rg8 51. Kg4 Kd6 52. Re6+ Kd7 53. g6 Kc7
54. Re7+ Kd6 55. Re6+ Kd7 56. Kg5 Kc7 57. Ne7 1-0

[Event "AUTO-ADV-959"]
[Site "http://www.queenalice.com/game.php?id=426524"]
[Date "2008.7.2"]
[Round "1"]
[White "lucas10demais"]
[Black "alib2004"]
[Result "1-0"]
[WhiteElo "1863"]
[BlackElo "1808"]

1. e4 c5 2. Nf3 Nc6 3. d4 cxd4 4. Nxd4 e5 5. Nb5 d6 6. Bc4 a6 7. Qf3 Nf6 8. N5c3
Nd4 9. Qd3 Nh5 10. Nd5 Be6 11. c3 Bxd5 12. Bxd5 Nf4 13. Bxf4 exf4 14. Qxd4 Qg5
15. Nd2 Qxg2 16. e5 Qg4 17. f3 Qf5 18. Bxb7 dxe5 19. Qa4+ Kd8 20. O-O-O Rb8 21.
Ne4+ Kc7 22. Qc6# 1-0

[Event "AUTO-ADV-959"]
[Site "http://www.queenalice.com/game.php?id=426531"]
[Date "2008.7.2"]
[Round "1"]
[White "amadeuswags"]
[Black "lucas10demais"]
[Result "1-0"]
[WhiteElo "1721"]
[BlackElo "1903"]

1. e4 c5 2. f4 e6 3. Nf3 Nc6 4. Bb5 d5 5. exd5 exd5 6. O-O c4 7. Re1+ Be7 8. Nc3
Nf6 9. b3 Ne4 10. Nxe4 dxe4 11. Bxc6+ bxc6 12. Rxe4 Be6 13. Nd4 Bc5 14. c3 1-0

[Event "AUTO-ADV-959"]
[Site "http://www.queenalice.com/game.php?id=426532"]
[Date "2008.7.2"]
[Round "1"]
[White "lucas10demais"]
[Black "amadeuswags"]
[Result "0-1"]
[WhiteElo "1877"]
[BlackElo "1744"]

1. d4 f5 2. e4 fxe4 3. Nc3 Nf6 4. Bg5 d5 5. f3 Nc6 6. Qd2 h6 7. Bh4 g5 8. Bg3
exf3 9. Nxf3 Bg4 10. Be2 Qd7 11. Bb5 Ne4 12. Nxe4 dxe4 13. Ne5 Qd5 14. Ng6 Rg8
0-1

[Event "por el torneo"]
[Site "http://www.queenalice.com/game.php?id=433866"]
[Date "2008.7.16"]
[Round "-"]
[White "hartto"]
[Black "lucas10demais"]
[Result "0-1"]
[WhiteElo "1834"]
[BlackElo "1891"]

1. e4 c5 2. Nf3 d6 3. d4 cxd4 4. Nxd4 Nf6 5. Nc3 Nc6 6. Bb5 Bd7 7. Bg5 g6 8. Qd2
Bg7 9. O-O-O O-O 10. Bxc6 Bxc6 11. Nxc6 bxc6 12. h4 Qd7 13. e5 Nd5 14. Nxd5 cxd5
15. exd6 Qxd6 16. Qxd5 Bxb2+ 17. Kxb2 Rab8+ 18. Ka1 Qa3 19. Rb1 Qc3+ 0-1

[Event "Challenge"]
[Site "http://www.queenalice.com/game.php?id=435457"]
[Date "2008.7.18"]
[Round "-"]
[White "lucas10demais"]
[Black "fictionist"]
[Result "1-0"]
[WhiteElo "1884"]
[BlackElo "1885"]

1. d4 e6 2. e4 d5 3. Bd3 dxe4 4. Bxe4 Nf6 5. Bg5 Be7 6. Bxf6 Bxf6 7. c3 O-O 8.
f4 Nd7 9. Nd2 c5 10. Ngf3 cxd4 11. Nxd4 Bxd4 12. cxd4 Qb6 13. Nb3 Nf6 14. Bf3
Qb4+ 15. Qd2 Qxd2+ 16. Nxd2 Rd8 17. Nb3 a5 18. Rd1 Ra7 19. O-O a4 20. Nc5 b6 21.
Ne4 Nd5 22. Rc1 Ba6 23. Rfe1 Nxf4 24. Re3 Nd3 25. Rc6 Nb4 26. Rxb6 Nd5 27. Nf6+
gxf6 28. Bxd5 Rxd5 29. Rb8+ Kg7 30. b4 f5 31. a3 Rxd4 32. b5 Rb7 33. Rxb7 Bxb7
34. Re1 Rd3 35. Rc1 Rxa3 36. Rc7 Bd5 37. Ra7 Ra1+ 38. Kf2 a3 39. b6 1-0

[Event "Challenge"]
[Site "http://www.queenalice.com/game.php?id=437760"]
[Date "2008.7.23"]
[Round "-"]
[White "mauriciov"]
[Black "lucas10demais"]
[Result "1-0"]
[WhiteElo "2033"]
[BlackElo "1911"]

1. d4 d5 2. c4 e6 3. Nf3 c5 4. Bf4 Nf6 5. e3 Nc6 6. Nc3 a6 7. dxc5 Bxc5 8. Be2
O-O 9. h3 Qb6 10. b3 Bb4 11. O-O Bxc3 12. Rc1 Ne4 13. cxd5 Nb4 14. Ng5 Rd8 15.
Nxe4 Rxd5 16. Nxc3 Rxd1 17. Rfxd1 f6 18. Na4 Qa7 19. Rd8+ Kf7 20. Bh5+ Ke7 21.
Re8+ Kd7 22. Rc7# 1-0

[Event "Challenge"]
[Site "http://www.queenalice.com/game.php?id=439561"]
[Date "2008.7.27"]
[Round "-"]
[White "christian_labat"]
[Black "lucas10demais"]
[Result "0-1"]
[WhiteElo "1838"]
[BlackElo "1809"]

1. d4 d5 2. Nf3 Nf6 3. g3 Bf5 4. Bg2 e6 5. O-O c5 6. c3 Nc6 7. Nh4 Bd6 8. Nxf5
exf5 9. Bg5 Be7 10. Na3 a6 11. dxc5 Ne4 12. Bxe7 Nxe7 13. Qd4 O-O 14. f3 Nc6 15.
Qd1 Nxc5 16. Nc2 Re8 17. Nd4 Ne6 18. Nxf5 Qb6+ 19. Kh1 Qxb2 20. Rb1 Qxc3 21.
Qxd5 Rad8 22. Qb3 Qe5 23. Qc2 Ned4 24. Nxd4 Nxd4 25. Qb2 b5 26. e4 a5 0-1

[Event "Challenge"]
[Site "http://www.queenalice.com/game.php?id=439634"]
[Date "2008.7.27"]
[Round "-"]
[White "ORNELAS"]
[Black "lucas10demais"]
[Result "0-1"]
[WhiteElo "1748"]
[BlackElo "1888"]

1. b3 d5 2. e3 c5 3. Bb2 Nf6 4. Nc3 Nc6 5. g3 e6 6. Bg2 Be7 7. Nge2 O-O 8. d3
Bd7 9. Nf4 Re8 10. Nce2 Ne5 11. Bxe5 Bc6 12. d4 Qa5+ 13. c3 Ng4 14. O-O Nxe5 15.
dxe5 Rac8 16. Qc2 Red8 17. Nh5 Bb5 18. Rfe1 Bxe2 19. Rxe2 d4 20. exd4 cxd4 21.
Qb1 d3 22. Rd2 Qxc3 23. Qd1 Bb4 24. Bf1 Qxd2 25. Qg4 g6 26. Nf6+ Kg7 27. Qh4 h5
28. a3 Qc3 29. Ra2 Qxb3 30. Ra1 Bc3 31. Nxh5+ gxh5 32. Qg5+ Kf8 33. Qh6+ Ke8 34.
Bxd3 Rxd3 35. Qh8+ Kd7 36. Qg7 Bxa1 37. Qxf7+ Kc6 38. Qf4 Rd1+ 39. Kg2 Qd5+ 40.
Kh3 Bxe5 41. Qa4+ Kb6 42. Qb4+ Kc7 43. Qe7+ Qd7 44. Qc5+ Kd8 45. Qxe5 Rg1 46.
Qf6+ Kc7 47. Qe5+ Qd6 48. Qg7+ Kb8 49. f4 Qxf4 50. gxf4 Rxg7 51. Kh4 Rg4+ 52.
Kxh5 Rxf4 53. Kg5 Rf5+ 54. Kg6 Rg8+ 55. Kh7 Rg4 56. Kh6 Rf3 57. Kh5 Rg1 58. h4
Rf8 59. Kh6 Rh8# 0-1

[Event "Challenge"]
[Site "http://www.queenalice.com/game.php?id=441294"]
[Date "2008.7.30"]
[Round "-"]
[White "mauriciov"]
[Black "lucas10demais"]
[Result "1-0"]
[WhiteElo "2217"]
[BlackElo "1914"]

1. d4 d5 2. Nf3 Nf6 3. Bf4 c5 4. e3 e6 5. c3 Nc6 6. Be2 Bd6 7. Bxd6 Qxd6 8. Nbd2
O-O 9. O-O b6 10. Bb5 Bb7 11. a4 a6 12. Bxc6 Bxc6 13. Ne5 Rad8 14. Qe2 Nd7 15.
Ndf3 f6 16. Nxc6 Qxc6 17. Qxa6 Ra8 18. Qb5 Qxb5 19. axb5 e5 20. Ra6 Rxa6 21.
bxa6 Ra8 22. Ra1 e4 23. Nd2 Ra7 24. f3 f5 25. c4 cxd4 26. exd4 e3 27. Nf1 e2 28.
Ne3 f4 29. Nxd5 Rxa6 30. Re1 Ra4 31. b3 Ra2 32. Nxf4 Rb2 33. Nxe2 Rxb3 34. Nf4
Kf7 35. Kf2 Nf6 36. Ra1 g5 37. Ra7+ Nd7 38. Rxd7+ Ke8 39. Rxh7 gxf4 40. Ke2 Rc3
41. Rc7 b5 42. Kd2 b4 43. c5 Re3 44. Rb7 b3 45. c6 Re6 46. Rb8+ Ke7 47. c7 1-0

[Event "Cha 05"]
[Site "http://www.queenalice.com/game.php?id=450362"]
[Date "2008.8.19"]
[Round "-"]
[White "lucas10demais"]
[Black "grazo"]
[Result "0-1"]
[WhiteElo "1908"]
[BlackElo "1973"]

1. d4 d5 2. c4 c6 3. Nf3 dxc4 4. Bf4 Qa5+ 5. Qd2 Qxd2+ 6. Nbxd2 b5 7. a4 a6 8.
axb5 cxb5 9. Bxb8 Rxb8 10. e4 e6 11. Be2 Bb4 12. O-O Nf6 13. Rfd1 Bxd2 14. Nxd2
Bb7 15. h3 Rd8 16. Bf3 Rxd4 17. e5 Bxf3 18. Nxf3 Rxd1+ 19. Rxd1 Nd5 20. Ra1 Nc7
21. Rc1 Nd5 22. Ra1 Nc7 23. Nd4 O-O 24. Nc6 Ra8 25. Nb4 a5 26. Nc6 a4 27. Kf1
Nd5 28. g3 f6 29. f4 b4 30. Ke2 a3 31. bxa3 Rxa3 32. Rxa3 bxa3 33. Nd4 Nb4 34.
Nxe6 Kf7 35. Nd8+ Ke7 36. exf6+ gxf6 37. Kd2 a2 38. Kc3 a1=Q+ 39. Kxb4 Kxd8 40.
Kxc4 Qd1 41. g4 Qc1+ 42. Kd5 Qxf4 43. Ke6 Qe5+ 44. Kf7 Qe7+ 45. Kg8 Ke8 0-1

[Event "Challenge"]
[Site "http://www.queenalice.com/game.php?id=508568"]
[Date "2008.12.16"]
[Round "-"]
[White "lucas10demais"]
[Black "ingridcardoso"]
[Result "0-1"]
[WhiteElo "1845"]
[BlackElo "1553"]

1. e4 e5 2. Nf3 Nc6 3. Bb5 Nf6 4. O-O Bc5 5. Nxe5 O-O 6. c3 d5 7. Nxc6 bxc6 8.
Bxc6 Rb8 9. d4 Bb6 10. Bg5 Qd6 11. e5 Qxc6 12. exf6 g6 13. Re1 Bb7 14. a4 Bc5
0-1

[Event "Challenge"]
[Site "http://www.queenalice.com/game.php?id=518710"]
[Date "2009.1.7"]
[Round "-"]
[White "Mike36bh"]
[Black "lucas10demais"]
[Result "0-1"]
[WhiteElo "1797"]
[BlackElo "1818"]

1. d4 Nf6 2. d5 g6 3. Nc3 d6 4. e4 Bg7 5. h3 c5 6. Nf3 e6 7. Bg5 Qb6 8. Bd3 Qxb2
9. Bd2 O-O 10. O-O exd5 11. exd5 Nbd7 12. Qe1 Re8 13. Qc1 Qxc1 14. Raxc1 Ne5 15.
Nxe5 Rxe5 16. Bf4 Re8 17. Bxd6 b6 18. Bf4 Bb7 19. d6 Be4 20. Bxe4 Nxe4 21. Nxe4
Rxe4 22. Bg3 f5 23. f3 Bd4+ 24. Kh1 Re2 25. c3 Bf6 26. Rcd1 Kf7 27. Rd3 Rd8 28.
d7 Re7 29. Rfd1 c4 30. Rd5 b5 31. Be1 Be5 32. Rxb5 Bd6 33. Rb7 Rdxd7 34. Rxd7
Rxd7 35. Rd4 Re7 36. Bf2 Bc5 37. Rd2 Bxf2 38. Rxf2 Re1+ 39. Kh2 Rc1 40. Rd2 Rxc3
41. Rd7+ Ke6 42. Rxh7 Ra3 43. Rb7 c3 44. Rc7 Kd5 45. Kg3 Kd4 46. Kf4 Rxa2 47.
Rd7+ Kc4 48. Rc7+ Kd3 49. Rd7+ Ke2 50. Re7+ Kf2 51. g4 c2 52. Rc7 Ke2 53. gxf5
gxf5 54. h4 Kd1 55. Rd7+ Kc1 56. Kxf5 Kb1 57. Rb7+ Rb2 58. Rxa7 c1=Q 59. Re7
Qc5+ 60. Re5 Qf8+ 61. Ke4 Re2+ 62. Kd4 Rxe5 63. Kxe5 Qxf3 0-1

[Event "AUTO-OPEN-1168"]
[Site "http://www.queenalice.com/game.php?id=549772"]
[Date "2009.3.3"]
[Round "2"]
[White "tiaokarreirov"]
[Black "lucas10demais"]
[Result "1-0"]
[WhiteElo "2095"]
[BlackElo "1838"]

1. d4 d5 2. c4 Bf5 3. Qb3 e6 4. Qxb7 Nd7 5. c5 Ngf6 6. Nc3 g6 7. Nb5 Rb8 8.
Nxc7+ Ke7 9. Qxa7 Bc2 10. c6 Rc8 11. Qa3+ Nc5 12. Qxc5+ Qd6 13. Nb5 Qxc5 14.
dxc5 Rxc6 15. b4 Bg7 16. Nf3 Rb8 17. Nfd4 Ra6 18. Nxc2 Rxb5 19. e3 Ne4 20. Bxb5
Bc3+ 21. Ke2 Ra7 22. Rb1 Rxa2 23. Bd3 f5 24. f3 Nf6 25. Bd2 Bb2 26. b5 Nd7 27.
Nb4 Ra8 28. c6 Be5 29. cxd7 Kxd7 30. Rhc1 h5 31. b6 f4 32. exf4 Bd4 33. b7 e5
34. bxa8=Q 1-0

[Event "AUTO-OPEN-1168"]
[Site "http://www.queenalice.com/game.php?id=549773"]
[Date "2009.3.3"]
[Round "2"]
[White "lucas10demais"]
[Black "tiaokarreirov"]
[Result "0-1"]
[WhiteElo "1832"]
[BlackElo "2107"]

1. e4 e5 2. Nf3 Nc6 3. Bb5 Bc5 4. O-O d6 5. d4 exd4 6. Nxd4 Bd7 7. Be3 Nf6 8.
Nc3 O-O 9. e5 Nxe5 10. h3 Bxb5 11. Ncxb5 Nd5 12. Re1 Nxe3 13. Rxe3 c6 14. Nc3
Nc4 15. Rg3 Qf6 16. Nce2 Nxb2 17. Qd2 Nc4 18. Qc3 Ne5 19. Re1 Rfe8 20. Kh2 Qxf2
21. Qa1 Bxd4 22. Nxd4 Ng4+ 23. Rxg4 Rxe1 24. Qc3 Qg1+ 25. Kg3 Re3+ 26. Nf3 Rxc3
27. Re4 Rxc2 28. Nxg1 Rxa2 29. Kf3 Kf8 30. g4 Re8 31. Rd4 d5 32. h4 Rc2 33. g5
b5 34. Nh3 Rc3+ 35. Kg4 f5+ 36. Kh5 Rxh3 37. Rf4 g6+ 38. Kh6 Kg8 39. Rf3 Re3 40.
Rxe3 Rxh4# 0-1